Great Japan : A study in national efficiency

In this book it is by no means my intention to compare the national efficiency of Japan with that of other nation; my object is simply to give examples from various sides of national life in that country which demonstrate the advantagees effects to be derived from a universal and practical patrioti...

詳細記述

保存先:
書誌詳細
第一著者: Stead, Alfred
フォーマット: 図書
言語:Undetermined
出版事項: London John Lane 1906
タグ: タグ追加
タグなし, このレコードへの初めてのタグを付けませんか!
Thư viện lưu trữ: Trung tâm Học liệu Trường Đại học Cần Thơ
LEADER 00786nam a2200193Ia 4500
001 CTU_223232
008 210402s9999 xx 000 0 und d
082 |a 952 
082 |b S799 
100 |a Stead, Alfred 
245 0 |a Great Japan : 
245 2 |b A study in national efficiency 
245 0 |c Alfred Stead 
260 |a London 
260 |b John Lane 
260 |c 1906 
520 |a In this book it is by no means my intention to compare the national efficiency of Japan with that of other nation; my object is simply to give examples from various sides of national life in that country which demonstrate the advantagees effects to be derived from a universal and practical patriotism... 
904 |i Vũ Anh, Giang 
980 |a Trung tâm Học liệu Trường Đại học Cần Thơ